000 00713nam a22002057a 4500
999 _c12549
_d12549
003 AR-CdUCM
008 190409b ||||| |||| 00| 0 spa d
040 _aMUNICIPALIDAD PROVINCIAL DEL CUSCO
_cBIBLIOTECA MUNICIPAL DEL CUSCO
082 _a985 /
_bL66 / 1938
100 _aComisión de restauración de monumentos históricos
_930429
245 _aLima precolombina y virreinal /
260 _aLima :
_bTipografía peruana.
_c1938.
300 _a462 páginas ;
_c25 cm.
_bIlustraciones, fotografías.
505 _aContenido : Época precolombina -- Época virreinal ...
650 _aHistoria
_9246
650 _aLima
_9231
650 _aPerú
_92178
942 _2ddc
_cLIBROS
945 _arah
_d09/04/2019